Price war hits client and valuers (Record no. 68329)
[ view plain ]
| 000 -LEADER | |
|---|---|
| fixed length control field | 01175cam a2200229 4500 |
| 001 - CONTROL NUMBER | |
| control field | ABS64609 |
| 008 - FIXED-LENGTH DATA ELEMENTS--GENERAL INFORMATION | |
| fixed length control field | 010921n2001 000 0 eng u |
| 035 ## - SYSTEM CONTROL NUMBER | |
| System control number | (Sirsi) u114685 |
| 100 ## - MAIN ENTRY--PERSONAL NAME | |
| Personal name | Dodson, R. |
| 245 ## - TITLE STATEMENT | |
| Title | Price war hits client and valuers |
| 260 ## - PUBLICATION, DISTRIBUTION, ETC. | |
| Date of publication, distribution, etc. | 2001 |
| 490 ## - SERIES STATEMENT | |
| Series statement | Estates Gazette |
| Volume/sequential designation | (0137) 15 September 2001, 147(1) |
| 520 ## - SUMMARY, ETC. | |
| Summary, etc. | Discusses the impact on the valuation industry of the low fees currently being paid for investment portfolio work. Competition has driven prices down to such a low level that some firms are withdrawing from this type of work. Suggests that clients are the ultimate losers as the quality of service offered has declined considerably. Argues that valuers have failed to differentiate between each other, or to adequately define the nature of the service they offer. Recommends the establishment of industry-wide minimum fees and service levels to rescue the reputation of the profession. |
| 590 ## - LOCAL NOTE (RLIN) | |
| Local note | ABS |
| 650 ## - SUBJECT ADDED ENTRY--TOPICAL TERM | |
| Topical term or geographic name entry element | VALUERS |
| 650 ## - SUBJECT ADDED ENTRY--TOPICAL TERM | |
| Topical term or geographic name entry element | COMPETITION |
| 650 ## - SUBJECT ADDED ENTRY--TOPICAL TERM | |
| Topical term or geographic name entry element | SERVICE LEVELS |
| 650 ## - SUBJECT ADDED ENTRY--TOPICAL TERM | |
| Topical term or geographic name entry element | FEE SCALES |
| 650 ## - SUBJECT ADDED ENTRY--TOPICAL TERM | |
| Topical term or geographic name entry element | INVESTMENT PORTFOLIOS |
| 690 ## - LOCAL SUBJECT ADDED ENTRY--TOPICAL TERM (OCLC, RLIN) | |
| Topical term or geographic name as entry element | PROPERTY-PROPERTY APPRAISAL AND VALUATION |
| 942 ## - ADDED ENTRY ELEMENTS (KOHA) | |
| Suppress in OPAC | 0 |
| Withdrawn status | Lost status | Source of classification or shelving scheme | Damaged status | Not for loan | Home library | Current library | Shelving location | Date acquired | Total Checkouts | Full call number | Barcode | Date last seen | Copy number | Price effective from | Koha item type |
|---|---|---|---|---|---|---|---|---|---|---|---|---|---|---|---|
| Dewey Decimal Classification | London | London | Journal article | 21/09/2001 | ABS64609 | 114685-1001 | 06/08/2019 | 1 | 06/08/2019 | Journal article |